Vista normal Vista MARC

Entrada Geographic Name

Número de registros utilizados en: 1

001 - CONTROL NUMBER

  • control field: 43653

003 - CONTROL NUMBER IDENTIFIER

  • control field: OSt

005 - DATE AND TIME OF LATEST TRANSACTION

  • control field: 20241112084739.0

008 - FIXED-LENGTH DATA ELEMENTS

  • fixed length control field: 241112|| aca||aabn | a|a d

040 ## - CATALOGING SOURCE

  • Original cataloging agency: OSt
  • Transcribing agency: OSt

151 ## - HEADING--GEOGRAPHIC NAME

  • Geographic name: Meta (Colombia)
  • General subdivision: Geografía histórica

670 ## - SOURCE DATA FOUND

  • Source citation: Work cat.: (OSt)38530: Instituto Geográfico "Agustín Codazzi". Subdirección de Geografía. 43649, Meta :









Instituto Departamental de Cultura del Meta - Red Departamental de Bibliotecas Públicas del Meta.